logo

Bir Sreshtho Munshi Abdur Rouf Library
Jhenaidah Cadet College

সৃস্টি সুখের উল্লাসে / (Record no. 2464)

MARC details
000 -LEADER
fixed length control field 00641nam a2200193 a 4500
001 - CONTROL NUMBER
JCCL Control Number 2464
003 - CONTROL NUMBER IDENTIFIER
JCCL marc code BD-JhCC
005 - DATE AND TIME OF LATEST TRANSACTION
control field 20171105103647.0
008 - FIXED-LENGTH DATA ELEMENTS--GENERAL INFORMATION
fixed length control field 171102s1398 bg ||||| |||| 00| 0 b d
035 ## - SYSTEM CONTROL NUMBER
system control number (BD-JhCC)
040 ## - CATALOGING SOURCE
Original cataloging agency BD-JhCC
Modifying agency BD-JhCC
041 ## - LANGUAGE CODE
Language code of Book ben
082 ## - DEWEY DECIMAL CLASSIFICATION NUMBER
Classification number 891.4409
Author mark and Year ISL 1398
100 ## - MAIN ENTRY--PERSONAL NAME
Personal name ইসলাম, নজরুল
245 ## - TITLE STATEMENT
Title সৃস্টি সুখের উল্লাসে /
Statement of responsibility, etc কাজী নজরুল ইসলাম; মনিরুজ্জমান (সম্পাদক)
300 ## - PHYSICAL DESCRIPTION
Pagination ১১৮ পৃ. ;
Dimensions ২২ সেমি
650 ## - SUBJECT ADDED ENTRY--TOPICAL TERM
Topical term or geographic name as entry element Kazi Nazrul Islam
General subdivision Biography
942 ## - ADDED ENTRY ELEMENTS (KOHA)
Source of classification or shelving scheme Dewey Decimal Classification
Koha item type Books
Holdings
Source of classification or shelving scheme Damaged status Not for loan Home library Current library Date of accession Total Checkouts Full call number Barcode Date last seen Copy number Koha item type
Dewey Decimal Classification     JCC Rouf Library JCC Rouf Library 11/02/2017   891.4409 ISL 1398 3671 11/02/2017 C-1 Books

JCC Library | Contacts | JCC Home

Last Update on 23 September 2017
Copyright @ 2017-2020 JCC Rouf Library
Rouf Library, Jhenidah Cadet College (JCC), Bangladesh